[Event "Titled Tuesday intern op 24th May Late"]
[Site "Chess.com INT"]
[Date "2022.05.24"]
[Round "3"]
[White "Gross, Nicholas"]
[Black "Dilanyan, Grigor"]
[Result "1-0"]
[WhiteElo "2120"]
[BlackElo "2293"]
[PlyCount "67"]
[EventDate "2022.05.24"]
[EventType "swiss (blitz)"]
[EventRounds "11"]
[EventCountry "USA"]
[SourceTitle "EXT 2023"]
[Source "ChessBase"]
[SourceDate "2022.10.05"]
[SourceVersion "1"]
[SourceVersionDate "2022.10.05"]
[SourceQuality "1"]

1. e4 e5 2. Nf3 Nc6 3. Bc4 Nf6 4. d4 exd4 5. 0-0 Nxe4 6. Re1 d5 7. Bxd5 Qxd5 8. Nc3 Qa5 9. Nxe4 Be6 10. Neg5 0-0-0 11. Nxe6 fxe6 12. Rxe6 Bd6 13. Bg5 Rde8 14. Qe2 Kd7 15. Rxe8 Rxe8 16. Qd3 h6 17. Bd2 Qh5 18. g3 Ne5 19. Nxe5+ Qxe5 20. Re1 Qd5 21. Rxe8 Kxe8 22. Qg6+ Kf8 23. b3 b6 24. a4 a5 25. h4 Qe5 26. Qd3 Ke7 27. Qg6 Kf8 28. Qg4 Kf7 29. h5 Qf6 30. Qe4 Be5 31. Kg2 Ke7 32. f4 Kd6 33. fxe5+ Qxe5 34. Bf4 1-0

[Event "Titled Tuesday intern op 24th May Late"]
[Site "Chess.com INT"]
[Date "2022.05.24"]
[Round "8"]
[White "Gross, Nicholas"]
[Black "Milchev, Nikolay"]
[Result "1-0"]
[WhiteElo "2120"]
[BlackElo "2408"]
[PlyCount "81"]
[EventDate "2022.05.24"]
[EventType "swiss (blitz)"]
[EventRounds "11"]
[EventCountry "USA"]
[SourceTitle "EXT 2023"]
[Source "ChessBase"]
[SourceDate "2022.10.05"]
[SourceVersion "1"]
[SourceVersionDate "2022.10.05"]
[SourceQuality "1"]

1. c4 e5 2. Nc3 Nc6 3. Nf3 g6 4. d4 exd4 5. Nxd4 Bg7 6. Nxc6 bxc6 7. g3 d6 8. Bg2 Bd7 9. Qd2 Ne7 10. b3 a5 11. Bb2 0-0 12. 0-0 Qb8 13. Rab1 Re8 14. h3 Qb4 15. Rfd1 Bf5 16. Rbc1 Rab8 17. Kh2 h5 18. e4 Be6 19. Na4 Qxd2 20. Rxd2 c5 21. Bxg7 Kxg7 22. Nc3 Nc6 23. f4 Nd4 24. Rcd1 f5 25. Kg1 fxe4 26. Nxe4 a4 27. bxa4 Rb4 28. Ng5 Bxc4 29. Kf2 Rxa4 30. Rb1 Rxa2 31. Rxa2 Bxa2 32. Rb7 Re2+ 33. Kg1 Re7 34. Ne4 Bd5 35. Nxd6 Bxg2 36. Kxg2 Kf6 37. Nc4 Re2+ 38. Kf1 Rc2 39. Ne3 Rc3 40. Nd5+ Ke6 41. Nxc3 1-0

[Event "Titled Tuesday intern op 24th May Late"]
[Site "Chess.com INT"]
[Date "2022.05.24"]
[Round "10"]
[White "Mickiewicz, Piotr"]
[Black "Gross, Nicholas"]
[Result "1-0"]
[WhiteElo "2302"]
[BlackElo "2120"]
[PlyCount "141"]
[EventDate "2022.05.24"]
[EventType "swiss (blitz)"]
[EventRounds "11"]
[EventCountry "USA"]
[SourceTitle "EXT 2023"]
[Source "ChessBase"]
[SourceDate "2022.10.05"]
[SourceVersion "1"]
[SourceVersionDate "2022.10.05"]
[SourceQuality "1"]

1. e4 c5 2. Nf3 d6 3. d4 cxd4 4. Nxd4 Nf6 5. Nc3 g6 6. f3 Bg7 7. Be3 0-0 8. Qd2 Nc6 9. Bc4 Nxd4 10. Bxd4 Be6 11. Bb3 Qa5 12. 0-0-0 b5 13. Kb1 b4 14. Nd5 Bxd5 15. exd5 Qb5 16. Rhe1 a5 17. Qe2 Qxe2 18. Rxe2 a4 19. Bc4 Rfc8 20. Bb5 Rc7 21. Bc6 Ra6 22. c4 Nh5 23. g3 Bxd4 24. Rxd4 Nf6 25. g4 g5 26. h4 h6 27. h5 Kf8 28. f4 gxf4 29. Rxf4 a3 30. b3 Ra5 31. Rxf6 exf6 32. Re8+ Kg7 33. Rd8 f5 34. gxf5 Kf6 35. Rxd6+ Kxf5 36. Rxh6 Kg5 37. Rh8 f5 38. Kc2 f4 39. Kd3 Rf7 40. d6 Ra6 41. Rg8+ Kxh5 42. Be8 Rxd6+ 43. Kc2 Rdf6 44. Bxf7+ Rxf7 45. Kd2 f3 46. Ke1 f2+ 47. Kf1 Kh4 48. Rb8 Kg3 49. Rd8 Kf3 50. Rd3+ Ke4 51. Rh3 Kd4 52. Rg3 Rf5 53. Rh3 Ke4 54. Rg3 Kd4 55. Rh3 Kc5 56. Rd3 Rh5 57. Rd2 Rh1+ 58. Kxf2 Ra1 59. Ke3 Rb1 60. Kd3 Ra1 61. Re2 Kc6 62. Re6+ Kc7 63. Re2 Kc6 64. Rd2 Kc5 65. Ke2 Kc6 66. Ke3 Kc5 67. Kd3 Re1 68. Kc2 Ra1 69. Rd5+ Kc6 70. Rb5 Rxa2+ 71. Kd3 1-0

[Event "Titled Tuesday intern op 24th May Late"]
[Site "Chess.com INT"]
[Date "2022.05.24"]
[Round "2"]
[White "Yurovskich, Oleksandr"]
[Black "Gross, Nicholas"]
[Result "1-0"]
[WhiteElo "2328"]
[BlackElo "2120"]
[PlyCount "133"]
[EventDate "2022.05.24"]
[EventType "swiss (blitz)"]
[EventRounds "11"]
[EventCountry "USA"]
[SourceTitle "EXT 2023"]
[Source "ChessBase"]
[SourceDate "2022.10.05"]
[SourceVersion "1"]
[SourceVersionDate "2022.10.05"]
[SourceQuality "1"]

1. d4 Nf6 2. Nf3 g6 3. Bg5 Bg7 4. Nbd2 0-0 5. c3 d6 6. e4 h6 7. Bh4 g5 8. Bg3 Nh5 9. Nc4 Nd7 10. Nfd2 Nxg3 11. hxg3 e6 12. Ne3 f5 13. exf5 exf5 14. Bd3 Qe7 15. Qe2 Nb6 16. Kf1 Bd7 17. Re1 Rae8 18. Nec4 Qf7 19. Qh5 Qxh5 20. Rxh5 Bb5 21. Rh1 a6 22. b3 d5 23. Nb2 Bd7 24. f3 Nc8 25. b4 Nd6 26. Kf2 Bb5 27. Bc2 Bd7 28. Bb3 c6 29. Bc2 Nb5 30. Nb1 Nd6 31. a4 Kf7 32. Nd2 Kf6 33. Nd3 b6 34. Rxe8 Bxe8 35. Ra1 Ke6 36. a5 b5 37. Nc5+ Ke7 38. Nxa6 g4 39. f4 Ne4+ 40. Nxe4 fxe4 41. Ke3 h5 42. Rh1 Bh6 43. Nc5 Kd6 44. Bd1 Kc7 45. Nb3 Bg7 46. Nd2 Bf6 47. Nf1 Rh8 48. Kf2 Kb7 49. Ne3 Ka6 50. Be2 h4 51. gxh4 Bxh4+ 52. Kf1 g3 53. Bg4 Bf6 54. Rxh8 Bxh8 55. Nf5 Bf6 56. Nxg3 Bh4 57. Ne2 Bf7 58. g3 Be7 59. Kf2 c5 60. dxc5 Bf6 61. Nd4 Be8 62. Ke3 Bd7 63. Bxd7 Kb7 64. Bxb5 Kc7 65. Ba4 Bg7 66. b5 Bf6 67. b6+ 1-0

[Event "Titled Tuesday intern op 11th May"]
[Site "Chess.com INT"]
[Date "2021.05.11"]
[Round "4"]
[White "Gross, Nicholas"]
[Black "Amer, Karim"]
[Result "1-0"]
[WhiteElo "2120"]
[BlackElo "2235"]
[PlyCount "85"]
[EventDate "2021.05.11"]
[EventType "swiss (blitz)"]
[EventRounds "11"]
[EventCountry "USA"]
[SourceTitle "CBM 202 Extra"]
[Source "ChessBase"]
[SourceDate "2021.07.31"]
[SourceVersion "1"]
[SourceVersionDate "2021.07.31"]
[SourceQuality "1"]

1. c4 Nf6 2. g3 c5 3. Bg2 Nc6 4. Nc3 d6 5. a3 a5 6. d3 e5 7. Bg5 Be7 8. Bxf6 Bxf6 9. Nf3 0-0 10. Nd2 Bg5 11. e3 f5 12. 0-0 f4 13. Qe2 Bh6 14. Nde4 Bf5 15. Nd5 Ne7 16. Nec3 Nxd5 17. Bxd5+ Kh8 18. Bxb7 Rb8 19. Bg2 Qe8 20. Ne4 Qg6 21. Rab1 Bxe4 22. Bxe4 Qf6 23. Bf3 Qg5 24. exf4 exf4 25. Rfe1 fxg3 26. hxg3 Qf6 27. Bd5 Bg5 28. Kg2 h6 29. f4 Bxf4 30. gxf4 Qxf4 31. Qe3 Qg4+ 32. Qg3 Qh5 33. Bf3 Qf7 34. Re2 Qf6 35. Rbe1 Rxb2 36. Rxb2 Qxb2+ 37. Re2 Qd4 38. Be4 a4 39. Qg6 Kg8 40. Qh7+ Kf7 41. Rf2+ Ke7 42. Rxf8 Kxf8 43. Qf5+ 1-0

[Event "Titled Tuesday intern op 11th May"]
[Site "Chess.com INT"]
[Date "2021.05.11"]
[Round "7"]
[White "Gross, Nicholas"]
[Black "Banawa, Joel Cholo"]
[Result "1-0"]
[WhiteElo "2120"]
[BlackElo "2404"]
[PlyCount "115"]
[EventDate "2021.05.11"]
[EventType "swiss (blitz)"]
[EventRounds "11"]
[EventCountry "USA"]
[SourceTitle "CBM 202 Extra"]
[Source "ChessBase"]
[SourceDate "2021.07.31"]
[SourceVersion "1"]
[SourceVersionDate "2021.07.31"]
[SourceQuality "1"]

1. c4 e5 2. g3 Nf6 3. Bg2 d5 4. cxd5 Nxd5 5. Nf3 Nc6 6. 0-0 Nb6 7. Nc3 Be7 8. d3 0-0 9. a3 Re8 10. b4 Bf8 11. Bb2 a5 12. b5 Nd4 13. e3 Nxf3+ 14. Bxf3 a4 15. Qe2 Bh3 16. Rfd1 Qc8 17. d4 exd4 18. Rxd4 Ra5 19. Rad1 g6 20. Nd5 Nxd5 21. Rxd5 Be6 22. R5d4 Bb3 23. Rc1 Bg7 24. Rb4 Bf8 25. Rh4 Rd8 26. Qe1 Rxb5 27. Qc3 f6 28. Qxf6 Qf5 29. Qh8+ Kf7 30. Rf4 Qxf4 31. gxf4 Rd2 32. Rxc7+ Ke8 33. Bg7 Kd8 34. Rc1 Rf5 35. Bf6+ Ke8 36. Rc8+ Kd7 37. Qxf8 Rxf6 38. Qxf6 Kxc8 39. Qc3+ Kd7 40. Qxd2+ Ke7 41. Qb4+ Kf6 42. Qxb7 Ke6 43. Qb4 Kf5 44. Kg2 Kf6 45. Kg3 g5 46. fxg5+ Kg6 47. h4 h5 48. Be4+ Kf7 49. Qd6 Be6 50. Bd5 Bxd5 51. Qxd5+ Ke7 52. Qe5+ Kf7 53. Qf6+ Ke8 54. Qg7 Kd8 55. Kf4 Ke8 56. Ke5 Kd8 57. Kd6 Kc8 58. Qc7# 1-0

[Event "Titled Tuesday intern op 11th May"]
[Site "Chess.com INT"]
[Date "2021.05.11"]
[Round "5"]
[White "Gross, Nicholas"]
[Black "Papasimakopoulos, Alexandros"]
[Result "0-1"]
[WhiteElo "2120"]
[BlackElo "2251"]
[PlyCount "120"]
[EventDate "2021.05.11"]
[EventType "swiss (blitz)"]
[EventRounds "11"]
[EventCountry "USA"]
[SourceTitle "CBM 202 Extra"]
[Source "ChessBase"]
[SourceDate "2021.07.31"]
[SourceVersion "1"]
[SourceVersionDate "2021.07.31"]
[SourceQuality "1"]

1. c4 f5 2. g3 Nf6 3. Bg2 g6 4. Nc3 Bg7 5. d3 0-0 6. Rb1 a5 7. a3 e5 8. b4 axb4 9. axb4 d6 10. e3 Nc6 11. Nge2 g5 12. f4 exf4 13. gxf4 g4 14. 0-0 Kh8 15. Bd2 Re8 16. Qb3 Ne7 17. Ra1 Rb8 18. Ra7 c6 19. Rfa1 Ng6 20. Ra8 Be6 21. Rxb8 Qxb8 22. b5 d5 23. cxd5 Nxd5 24. Qc2 Bg8 25. bxc6 bxc6 26. Rb1 Qa7 27. Nxd5 Bxd5 28. Bxd5 cxd5 29. Ng3 Rxe3 30. Bxe3 Qxe3+ 31. Qf2 Qxd3 32. Rb8+ Nf8 33. Nh5 d4 34. Nxg7 Kxg7 35. Rd8 Ne6 36. Rd7+ Kg6 37. Rd6 Kf7 38. Rd7+ Kg6 39. Rd6 Qb1+ 40. Kg2 Qe4+ 41. Kg3 d3 42. Qd2 Kh5 43. Rxd3 Nxf4 44. Re3 Qc4 45. Qf2 Kg5 46. h4+ gxh3 47. Rf3 h5 48. Rxf4 h4+ 49. Kxh3 Qxf4 50. Qg1+ Qg4+ 51. Qxg4+ fxg4+ 52. Kg2 Kf4 53. Kh2 h3 54. Kg1 g3 55. Kh1 Kf3 56. Kg1 g2 57. Kh2 Kf2 58. Kxh3 g1Q 59. Kh4 Qg6 60. Kh3 Qg3# 0-1

[Event "Titled Tuesday intern op 11th May"]
[Site "Chess.com INT"]
[Date "2021.05.11"]
[Round "8"]
[White "Mukhutdinov, Tigran"]
[Black "Gross, Nicholas"]
[Result "0-1"]
[WhiteElo "2277"]
[BlackElo "2120"]
[PlyCount "118"]
[EventDate "2021.05.11"]
[EventType "swiss (blitz)"]
[EventRounds "11"]
[EventCountry "USA"]
[SourceTitle "CBM 202 Extra"]
[Source "ChessBase"]
[SourceDate "2021.07.31"]
[SourceVersion "1"]
[SourceVersionDate "2021.07.31"]
[SourceQuality "1"]

1. Nf3 Nf6 2. g3 g6 3. b3 Bg7 4. Bb2 0-0 5. Bg2 d6 6. d4 Nbd7 7. 0-0 c5 8. c4 cxd4 9. Qxd4 Qc7 10. Nc3 Nb6 11. Rac1 Bd7 12. Rfd1 Bc6 13. Nd5 Bxd5 14. cxd5 Qd7 15. e4 Rfc8 16. Nd2 Rxc1 17. Bxc1 Nfxd5 18. Qd3 Nb4 19. Qb1 Rc8 20. a3 Nc6 21. Bb2 Qe6 22. Bxg7 Kxg7 23. Nf3 Nd7 24. h4 h6 25. Rc1 Nde5 26. Qb2 Qf6 27. Nxe5 Nxe5 28. Qb1 Rxc1+ 29. Qxc1 Qe6 30. Qc3 Qf6 31. f4 Nc6 32. e5 dxe5 33. Bxc6 Qxc6 34. Qxe5+ Qf6 35. Qe3 a6 36. a4 b5 37. axb5 axb5 38. Qd3 Qf5 39. Qc3+ Kh7 40. Kf2 h5 41. Qe3 Qf6 42. Qd3 Qf5 43. Qe3 e6 44. Qc3 Qd5 45. Qf6 Kg8 46. Qc3 Qd7 47. Qe3 Qd5 48. Qc3 Kh7 49. Qf6 e5 50. fxe5 Qxb3 51. Qe7 Qe6 52. Qxe6 fxe6 53. Ke3 Kh6 54. Kd4 g5 55. Kc5 gxh4 56. gxh4 Kg6 57. Kxb5 Kf5 58. Kc4 Kxe5 59. Kd3 Kf4 0-1

[Event "Titled Tuesday intern op 11th May"]
[Site "Chess.com INT"]
[Date "2021.05.11"]
[Round "1"]
[White "Triapishko, Alexandr"]
[Black "Gross, Nicholas"]
[Result "1-0"]
[WhiteElo "2510"]
[BlackElo "2120"]
[PlyCount "93"]
[EventDate "2021.05.11"]
[EventType "swiss (blitz)"]
[EventRounds "11"]
[EventCountry "USA"]
[SourceTitle "CBM 202 Extra"]
[Source "ChessBase"]
[SourceDate "2021.07.31"]
[SourceVersion "1"]
[SourceVersionDate "2021.07.31"]
[SourceQuality "1"]

1. d4 Nf6 2. c4 g6 3. Nc3 Bg7 4. e4 d6 5. h3 0-0 6. Be3 e5 7. d5 Ne8 8. g4 f5 9. gxf5 gxf5 10. exf5 Bxf5 11. Bd3 Nd7 12. Nge2 Kh8 13. Bxf5 Rxf5 14. Qc2 Rf7 15. 0-0-0 Qh4 16. Ne4 Bh6 17. Rdg1 Nef6 18. N2g3 Nxe4 19. Nxe4 Bxe3+ 20. fxe3 Raf8 21. b3 Qh6 22. Rg3 Rf3 23. Qe2 Rxg3 24. Nxg3 Qh4 25. Qg4 Qxg4 26. hxg4 Rg8 27. Nf5 Rxg4 28. Rf1 Rg2 29. Ne7 Kg7 30. Nf5+ Kh8 31. a4 Nc5 32. Ne7 Nxb3+ 33. Kd1 Rd2+ 34. Ke1 Ra2 35. Rf7 Rxa4 36. Nf5 Kg8 37. Rxc7 Nc5 38. Nxd6 Nd3+ 39. Kd2 Nb2 40. Kc2 Ra6 41. Nf5 Na4 42. d6 Rxd6 43. Nxd6 Nb6 44. c5 Nd5 45. Rxb7 Nxe3+ 46. Kd3 Nf5 47. Nxf5 1-0

[Event "Titled Tuesday intern op 3rd March"]
[Site "Chess.com INT"]
[Date "2020.03.03"]
[Round "2"]
[White "Gordievsky, Dmitry"]
[Black "Gross, Nicholas"]
[Result "1-0"]
[WhiteElo "2559"]
[BlackElo "2120"]
[PlyCount "69"]
[EventDate "2020.03.03"]
[EventType "swiss (blitz)"]
[EventRounds "10"]
[EventCountry "USA"]
[SourceTitle "EXT 2021"]
[Source "ChessBase"]
[SourceDate "2020.10.23"]
[SourceVersion "1"]
[SourceVersionDate "2020.10.23"]
[SourceQuality "1"]

1. d4 Nf6 2. c4 g6 3. Nc3 Bg7 4. e4 d6 5. h3 0-0 6. Be3 e5 7. d5 a5 8. g4 Na6 9. Nge2 Nc5 10. Ng3 Nfd7 11. h4 Qe7 12. h5 Nb6 13. Be2 Bd7 14. Qd2 Nba4 15. Nd1 c6 16. f3 cxd5 17. cxd5 b5 18. Nf2 Nb6 19. b3 a4 20. b4 Nb3 21. axb3 axb3 22. Rxa8 Rxa8 23. Bxb6 Ra2 24. Qc3 Bh6 25. Be3 Bxe3 26. Qxe3 b2 27. 0-0 Qh4 28. Kg2 Ra1 29. Qb3 gxh5 30. Qxb2 Rxf1 31. Nxf1 hxg4 32. fxg4 h5 33. Qc3 hxg4 34. Qg3 Qh7 35. Bxg4 1-0

[Event "Titled Tuesday intern op 3rd March"]
[Site "Chess.com INT"]
[Date "2020.03.03"]
[Round "1"]
[White "Gross, Nicholas"]
[Black "Moradiabadi, Elshan"]
[Result "0-1"]
[WhiteElo "2120"]
[BlackElo "2548"]
[PlyCount "148"]
[EventDate "2020.03.03"]
[EventType "swiss (blitz)"]
[EventRounds "10"]
[EventCountry "USA"]
[SourceTitle "EXT 2021"]
[Source "ChessBase"]
[SourceDate "2020.10.23"]
[SourceVersion "1"]
[SourceVersionDate "2020.10.23"]
[SourceQuality "1"]

1. c3 g6 2. d4 Bg7 3. Bf4 d6 4. Nf3 Nc6 5. e3 e5 6. dxe5 dxe5 7. Qxd8+ Kxd8 8. Bg3 f6 9. Bb5 Nge7 10. Nbd2 a6 11. Bc4 Bf5 12. 0-0-0 Kc8 13. e4 Bd7 14. Nf1 Na5 15. Bd3 Be6 16. b3 b5 17. Kc2 c5 18. Ne3 Kb7 19. Nd2 Bh6 20. Rhe1 Rhd8 21. f3 Rac8 22. Bf1 Nac6 23. Bf2 b4 24. Bc4 Bxe3 25. Bxe3 Bxc4 26. Nxc4 bxc3 27. Kxc3 Nd4 28. Bxd4 cxd4+ 29. Kd2 g5 30. Rc1 h5 31. Rc2 Nc6 32. a3 Na7 33. Rec1 Kb8 34. Nb2 Rxc2+ 35. Rxc2 Rc8 36. Nd3 Rxc2+ 37. Kxc2 Kc7 38. a4 Nc6 39. b4 Kb6 40. Kb3 a5 41. b5 Nd8 42. Kc4 Ne6 43. h3 h4 44. Kd5 Nc7+ 45. Kd6 Nxb5+ 46. axb5 Kxb5 47. Ke6 a4 48. Kxf6 a3 49. Nc1 d3 50. Nxd3 a2 51. Nxe5 a1Q 52. Kf5 Qc1 53. Ng6 Qd2 54. e5 Qxg2 55. e6 Qxh3+ 56. Kf6 Qxf3+ 57. Kxg5 Qe3+ 58. Kxh4 Qxe6 59. Kh5 Qf5+ 60. Kh6 Qf6 61. Kh5 Kc6 62. Nh4 Qe5+ 63. Kg4 Kd5 64. Nf5 Qe4+ 65. Kg5 Qg2+ 66. Kf6 Qf2 67. Kg5 Ke5 68. Nh6 Qg3+ 69. Ng4+ Ke6 70. Kh5 Kf5 71. Nh6+ Kf4 72. Nf7 Qg7 73. Kh4 Qh7+ 74. Nh6 Qxh6# 0-1

[Event "Titled Tuesday intern op 1st Jan"]
[Site "Chess.com INT"]
[Date "2019.01.01"]
[Round "2"]
[White "Gross, Nicholas"]
[Black "Aliakbarov, Anar Samir Oglu"]
[Result "0-1"]
[WhiteElo "2116"]
[BlackElo "2282"]
[PlyCount "77"]
[EventDate "2019.01.01"]
[EventType "swiss (blitz)"]
[EventRounds "10"]
[EventCountry "USA"]
[SourceTitle "EXT 2021"]
[Source "ChessBase"]
[SourceDate "2020.10.23"]
[SourceVersion "1"]
[SourceVersionDate "2020.10.23"]
[SourceQuality "1"]

1. c4 e6 2. g3 d5 3. Bg2 Nf6 4. Nf3 Be7 5. 0-0 0-0 6. b3 c5 7. cxd5 exd5 8. d4 Nc6 9. Bb2 h6 10. Nc3 Be6 11. dxc5 Bxc5 12. Rc1 a6 13. Na4 Ba7 14. Nc5 Qc7 15. Nd4 Bxc5 16. Rxc5 Nd7 17. Rc1 Qd6 18. e3 Rac8 19. Qd2 Rfd8 20. Ne2 f6 21. Nf4 Nde5 22. Rfd1 Bf7 23. Qe2 Ne7 24. Rxc8 Rxc8 25. e4 Re8 26. exd5 Nf5 27. Qc2 g6 28. h4 Qd7 29. Be4 Kg7 30. h5 Nd6 31. hxg6 Nxe4 32. gxf7 Nxf7 33. Re1 Nfg5 34. Nh5+ Kg6 35. Nf4+ Kf7 36. Ba1 Nf3+ 37. Kg2 Nxe1+ 38. Kf1 Nxc2 39. Ng6 0-1

[Event "Titled Tuesday intern op 6th Nov"]
[Site "Chess.com INT"]
[Date "2018.11.06"]
[Round "3"]
[White "Babiy, Igor"]
[Black "Gross, Nicholas"]
[Result "0-1"]
[WhiteElo "2260"]
[BlackElo "2116"]
[PlyCount "68"]
[EventDate "2018.11.06"]
[EventType "swiss (blitz)"]
[EventRounds "10"]
[EventCountry "USA"]
[SourceTitle "EXT 2021"]
[Source "ChessBase"]
[SourceDate "2020.10.23"]
[SourceVersion "1"]
[SourceVersionDate "2020.10.23"]
[SourceQuality "1"]

1. Nf3 Nf6 2. c4 g6 3. Nc3 Bg7 4. g3 0-0 5. Bg2 d6 6. 0-0 e5 7. d3 Nc6 8. Rb1 a5 9. a3 h6 10. b4 axb4 11. axb4 Ne7 12. Qb3 Be6 13. Bb2 Qd7 14. Rfc1 c6 15. Ra1 b5 16. Nd2 bxc4 17. Nxc4 Rxa1 18. Rxa1 Rb8 19. Ra4 Ned5 20. Qa3 Nxc3 21. Bxc3 Nd5 22. Bd2 Kh7 23. Ra7 Qd8 24. h4 Nb6 25. Nxb6 Qxb6 26. Ra6 Qd8 27. Rxc6 d5 28. Qa5 Qxa5 29. bxa5 Rb2 30. Bc3 Rxe2 31. a6 Ra2 32. Bf1 d4 33. Bb4 Ra1 34. Kg2 Bd5+ 0-1

[Event "Titled Tuesday intern op 6th Nov"]
[Site "Chess.com INT"]
[Date "2018.11.06"]
[Round "7"]
[White "Gross, Nicholas"]
[Black "Remizov, Yaroslav"]
[Result "0-1"]
[WhiteElo "2116"]
[BlackElo "2315"]
[PlyCount "84"]
[EventDate "2018.11.06"]
[EventType "swiss (blitz)"]
[EventRounds "10"]
[EventCountry "USA"]
[SourceTitle "EXT 2021"]
[Source "ChessBase"]
[SourceDate "2020.10.23"]
[SourceVersion "1"]
[SourceVersionDate "2020.10.23"]
[SourceQuality "1"]

1. c4 e5 2. g3 Nf6 3. Bg2 Nc6 4. Nc3 Bb4 5. e4 0-0 6. Nge2 d6 7. 0-0 Bg4 8. d3 Bxc3 9. bxc3 h6 10. h3 Bh5 11. f4 exf4 12. gxf4 Re8 13. Qe1 d5 14. cxd5 Bxe2 15. Qxe2 Nxd5 16. Bd2 f5 17. e5 Qd7 18. d4 Rad8 19. Rab1 Nb6 20. Be3 Na5 21. Kh1 Nac4 22. Bc1 c6 23. Rb4 Qf7 24. Rg1 Nd6 25. Bf3 Ne4 26. Rb3 c5 27. Bxe4 fxe4 28. dxc5 Na4 29. c6 bxc6 30. Be3 Rd3 31. c4 Nc3 32. Rxc3 Rxc3 33. Bd2 Rxh3+ 34. Kg2 Rf3 35. Qxe4 Ra3 36. Qc2 Rxe5 37. Bc3 Re8 38. Rf1 Qxc4 39. Rf3 Rxa2 40. Qxa2 Qxa2+ 41. Kg3 Qd5 42. Kh3 Qxf3+ 0-1

[Event "Titled Tuesday intern op 6th Nov"]
[Site "Chess.com INT"]
[Date "2018.11.06"]
[Round "2"]
[White "Khachiyan, Melikset"]
[Black "Gross, Nicholas"]
[Result "1-0"]
[WhiteElo "2521"]
[BlackElo "2116"]
[PlyCount "91"]
[EventDate "2018.11.06"]
[EventType "swiss (blitz)"]
[EventRounds "10"]
[EventCountry "USA"]
[SourceTitle "EXT 2021"]
[Source "ChessBase"]
[SourceDate "2020.10.23"]
[SourceVersion "1"]
[SourceVersionDate "2020.10.23"]
[SourceQuality "1"]

1. e4 c5 2. Nf3 d6 3. d4 cxd4 4. Nxd4 Nf6 5. Nc3 g6 6. Be3 Bg7 7. f3 0-0 8. Qd2 Nc6 9. 0-0-0 d5 10. Qe1 e6 11. exd5 exd5 12. Qh4 Re8 13. Bg5 Nxd4 14. Rxd4 Qb6 15. Bxf6 Qxf6 16. Qxf6 Bxf6 17. Rxd5 Bxc3 18. bxc3 Be6 19. Rd4 Rec8 20. Kb2 Rc7 21. c4 Rac8 22. Kc3 b5 23. Bd3 Bxc4 24. Bxc4 Rxc4+ 25. Rxc4 Rxc4+ 26. Kb3 Kf8 27. Rd1 Ke7 28. c3 a6 29. g3 h6 30. h4 h5 31. Rd5 Rc6 32. g4 hxg4 33. fxg4 Rc4 34. Rd4 Rxd4 35. cxd4 f5 36. gxf5 gxf5 37. Kc2 a5 38. h5 b4 39. h6 Kf6 40. d5 f4 41. d6 f3 42. d7 Ke7 43. h7 f2 44. d8Q+ Kxd8 45. h8Q+ Kc7 46. Qf6 1-0

[Event "Titled Tuesday intern op 3rd July"]
[Site "Chess.com INT"]
[Date "2018.07.03"]
[Round "5"]
[White "Golubev, Mikhail"]
[Black "Gross, Nicholas"]
[Result "0-1"]
[WhiteElo "2476"]
[BlackElo "2116"]
[PlyCount "68"]
[EventDate "2018.07.03"]
[EventType "swiss (blitz)"]
[EventRounds "10"]
[EventCountry "USA"]
[SourceTitle "EXT 2021"]
[Source "ChessBase"]
[SourceDate "2020.10.23"]
[SourceVersion "1"]
[SourceVersionDate "2020.10.23"]
[SourceQuality "1"]

1. e4 c5 2. Nf3 d6 3. d4 cxd4 4. Nxd4 Nf6 5. Nc3 g6 6. Be3 Bg7 7. f3 0-0 8. Qd2 Nc6 9. 0-0-0 d5 10. Qe1 e6 11. h4 Qc7 12. Ndb5 Qb8 13. exd5 exd5 14. Bc5 Qf4+ 15. Kb1 Re8 16. Qf2 a6 17. g3 Qe5 18. Bd6 Qe6 19. Bh3 Qe3 20. Qxe3 Rxe3 21. Nc7 Bxh3 22. Nxa8 Bg2 23. Rhe1 Rxe1 24. Rxe1 Bxf3 25. Nb6 h5 26. Rf1 Bg2 27. Rf2 Bh1 28. Nc8 Ne4 29. Nxe4 Bxe4 30. Bf4 Bf5 31. Nd6 Be6 32. Nxb7 Nd4 33. Rd2 Nf3 34. Rd3 Ne1 0-1

[Event "Titled Tuesday intern op 3rd July"]
[Site "Chess.com INT"]
[Date "2018.07.03"]
[Round "2"]
[White "Paszewski, Mateusz"]
[Black "Gross, Nicholas"]
[Result "1-0"]
[WhiteElo "2322"]
[BlackElo "2116"]
[PlyCount "59"]
[EventDate "2018.07.03"]
[EventType "swiss (blitz)"]
[EventRounds "10"]
[EventCountry "USA"]
[SourceTitle "EXT 2021"]
[Source "ChessBase"]
[SourceDate "2020.10.23"]
[SourceVersion "1"]
[SourceVersionDate "2020.10.23"]
[SourceQuality "1"]

1. e4 c5 2. Nf3 d6 3. d4 cxd4 4. Nxd4 Nf6 5. Nc3 g6 6. Be3 Bg7 7. f3 0-0 8. Qd2 Nc6 9. 0-0-0 d5 10. Qe1 e6 11. h4 Qc7 12. Ndb5 Qb8 13. exd5 exd5 14. Qd2 Be6 15. Bf4 Qd8 16. g4 a6 17. Nc7 Rc8 18. Nxe6 fxe6 19. h5 e5 20. Bh6 d4 21. Bxg7 Kxg7 22. hxg6 hxg6 23. Qh6+ Kf7 24. Bc4+ Ke7 25. g5 Ng8 26. Qg7+ Ke8 27. Bxg8 Qe7 28. Qxg6+ Kd8 29. Rh7 Qd6 30. Qxd6+ 1-0